Kompass : Maroc 2006.
| Format: | Book |
|---|---|
| Published: |
[S.l]:
[s.n],
2006.
|
| Subjects: |
| LEADER | 00532cam a2200157 7i4500 | ||
|---|---|---|---|
| 001 | 0000020495 | ||
| 005 | 20080127090000.0 | ||
| 090 | 0 | 0 | |a CD 338.7025 |b KOM [MORC] |
| 245 | 0 | 0 | |a Kompass : |b Maroc 2006. |
| 260 | 0 | 0 | |a [S.l]: |b [s.n], |c 2006. |
| 300 | # | # | |a Electronic computer optical disc (CD-ROM). |
| 650 | 0 | 0 | |a Business -- |x Directories -- |z Morocco |
| 650 | 0 | 0 | |a Importers -- |x Directories -- |z Morocco |
| 650 | 0 | 0 | |a Exporters -- |x Directories -- |z Morocco |
| 651 | 0 | 0 | |a Morocco |
| 999 | |a CDR000546B |b CD-ROM |c AV Collection |e Business Information Centre | ||